| 000 | 01070nam a22002777a 4500 | ||
|---|---|---|---|
| 003 | dpl | ||
| 005 | 20180614150113.0 | ||
| 008 | 180614b xxu||||| |||| 00| 0 eng d | ||
| 010 | _aB-116348 | ||
| 020 |
_c150.00 _a8126708107 |
||
| 035 | _aB-116348, B-116349 | ||
| 037 | _bCen Lib/Ret | ||
| 040 |
_aDPL _bHN _c0 |
||
| 082 |
_aक _bगुप्तध्रु |
||
| 100 |
_aगुप्त, ध्रुव _982672 |
||
| 245 |
_aमुठभेड़ / _cध्रुव गुप्त |
||
| 246 |
_aMuthbhed / _bby Dhruv Gupta |
||
| 260 |
_bराजकमल प्रकाशन _aनयी दिल्ली _c2004 |
||
| 270 |
_bनयी दिल्ली _e110002 _a1-बी, नेताजी सुभाष मार्ग |
||
| 300 |
_a127पृ. _c21सेमी(सजिल्द) |
||
| 650 |
_aहिन्दी -- साहित्य _982673 |
||
| 650 |
_aहिन्दी -- कहानी _9779 |
||
| 650 |
_aHindi literature _982674 |
||
| 650 |
_aHindi - story _943117 |
||
| 942 |
_2ddc _cHN _hक _mगुप्तध्रु |
||
| 999 |
_c118955 _d118955 |
||